000
00295nam a22001337a 4500
008
171019b xxu||||| |||| 00| 0 eng d
020
_a
9781931442688
041
_a
eng
080
_a
338
100
_a
54
101
_a
MEN
245
_a
MANAGING ORGANIZATIONS
_c
DUENING.TH.N
942
_2
udc
_c
BK
999
_c
34993
_d
34993